01646nam a2200349 a 4500001001000000003000500010005001700015008004100032010001100073011001100084040000900095090001000104100004700114245016800161260004100329500006000370502008200430590004100512590004000553590004000593650009600633650005500729650006000784650006400844856007000908901000700978942001000985942000600995999001901001952014001020952013601160000113119CHAP20220329144339.0170426s2016 mx sm |||||||spa d a109580 a110552 cCHAP aTesis1 aHerrera Llampallas, Luis Alejandro913202010aCondición y valoración del Parque Nacional Molino de Flores Netzahualcóyotl, Texcoco Estado de Méxicoh[En línea]cpor Luis Alejandro Herrera Llampallas. aChapingo, Méx. :bEl autor,c2016. aPara ver el contenido del material haga clic en la liga aTesis (Ing. en Recursos Naturales Renovables) -- UACH. Departamento de Suelos aBATCH-UPDb05c20170426lUCH01h0910 aE5765TAJb05c20170426lUCH01h0909 aE5765TAJb05c20170426lUCH01h090914aParque nacional Molino de Flores Nezahualcoyotl, México (Edo.)xAdminsitración.913202314aParques nacionalesxAspectos económicos.913202214aParques nacionalesxZonificación ecológica.913202114aRecursos naturalesxConservaciónzMéxico (Edo.).995266 aFinding aiduhttp://10.13.5.2/tesis/sist113119.pdfzTeclea aquí aBK cTESIS n0 c109580d109580 00102local4053708TESISaBCbBCcPA_TESISd2017-04-26fTESISl0oTesisp33724002524231r2019-12-31 00:00:00tc.2w2019-12-31yTESIS 00104054718TESISaBCbBCd2017-04-26fTESISl0oTesisp33724002524272r2019-12-31 00:00:00w2019-12-31yTESISzRecien adquirido